000 00685cab a2200217 4500
001 WB2922-37
008 090401t1993 xxu||||| |||| 00| 0 eng d
035 _a(Sirsi) u48360
041 _aeng
245 _aWeather maps
260 _c1993
350 _a0
490 _aDaily Telegraph
_v5 June 1993, 9(1)
520 _aMeteosat satellite images processed by the Met Office can be received by fax as part of a new MetFAX service soon to be launched by the Meteorological Office.
650 _aFAX SERVICES
650 _aWEATHER FORECASTS
650 _aWEATHER REPORTS
690 _aMANAGEMENT-BUSINESS MANAGEMENT-INFORMATION MANAGEMENT
942 _n0
948 _c04/03/1997
999 _c30378
_d30378